MARC

LEADER 00000nam0a2200000 4500
001 368681
005 20231102012116.0
035 |a (RuTPU)RU\TPU\retro\26063 
090 |a 368681 
100 |a 20220418d1980 km y0rusy50 ca 
101 0 |a rus 
102 |a RU 
105 |a a z 001zy 
200 1 |a Термостойкие диэлектрики и их спаи с металлом в новой технике  |f М. А. Рубашев, Г. И. Бердов, В. Н. Гавриловы [и др.]  |g под ред. Н. Д. Девяткова, М. Л. Любимова 
210 |a Москва  |c Атомиздат  |d 1980 
215 |a 248 с.  |c ил. 
320 |a Библиогр.: с. 231-240 
320 |a Предм. указ.: с. 241-243 
606 1 |a Диэлектрики твердые  |2 stltpush  |3 (RuTPU)RU\TPU\subj\9792  |9 36962 
610 1 |a термостойкие материалы 
610 1 |a спаи 
610 1 |a применение 
610 1 |a новая техника 
610 1 |a физические свойства 
610 1 |a корунды 
610 1 |a алмазные материалы 
610 1 |a кремнеземы 
610 1 |a фианиты 
610 1 |a металлизация 
610 1 |a конструирование 
610 1 |a сборка 
675 |a 621.315.61  |v 4 
701 1 |a Рубашев  |b М. А. 
701 1 |a Бердов  |b Г. И. 
701 1 |a Гавриловы  |b В. Н. 
701 1 |a Любимов  |b М. Л. 
701 1 |a Мусатов  |b М. И. 
701 1 |a Ротнер  |b Ю. М. 
702 1 |a Девятков  |b Н. Д.  |4 340 
702 1 |a Любимов  |b М. Л.  |4 340 
801 1 |a RU  |b 63413507  |c 20220418 
942 |c BK